Teatre en viu : (1969-1972) / Xavier Fàbregas ; a cura de Maryse Badiou ; introducció de Jaume Melendres (1969-1972) / Xavier Fàbregas ; a cura de Maryse Badiou ; introducció de Jaume Melendres
Descripción Física:
279 p., [8] p. de làm. ; 22 cm
Colección:
Monografies de teatre ; 23
MARC
| LEADER | 00000nam a2200000Ia 4500 | ||
|---|---|---|---|
| 001 | 6882 | ||
| 008 | 160829s1987 xx 000 0 cat d | ||
| 080 | |a B-1-181 | ||
| 100 | 1 | |a Fàbregas, Xavier, |d 1931-1985 |9 50443 | |
| 245 | |a Teatre en viu : |b (1969-1972) / Xavier Fàbregas ; a cura de Maryse Badiou ; introducció de Jaume Melendres | ||
| 260 | |a Barcelona : |b Institut del Teatre : |b Edicions 62, |c 1987 | ||
| 300 | |a 279 p., [8] p. de làm. ; |c 22 cm | ||
| 490 | |a Monografies de teatre ; 23 | ||
| 650 | |a Teatre |x Catalunya |x 1969/1972 |x Ressenyes |9 36499 | ||
| 700 | |a Badiou, Maryse |e editor literari |9 22339 | ||
| 700 | |a Melendres, Jaume, |d 1941-2009 |e autor del pròleg |9 25255 | ||
| 710 | 1 | |a Institut del Teatre (Barcelona, Catalunya) |9 52662 | |
| 901 | |a Arxiu | ||
| 942 | |n 1 |2 udc | ||
| 952 | |0 0 |1 0 |4 0 |6 B1181 |7 1 |9 47338 |a Arxiu |b Arxiu |d 2016-12-01 |l 0 |o B-1-181 |p 6882 |r 2016-12-01 00:00:00 |w 2016-12-01 |y ARXIU | ||
| 999 | |c 51136 |d 51136 | ||